00727nam a2200193 i 450000100060000000300090000600500170001500700030003200800410003502000180007608000210009410000330011524501140014826000320026230000220029450501330031660000630044985200210051221530ES-MaACL20250430203726.0t|021126s1975 sp |||| | spa d a84-85137-09-4 a821.134.2-21"19"1 aAlberti, Rafael, d1902-199910aNumancia : btragedia / cRafael Alberti ; adaptación y versión actualizada... estrenada en Madrid, 1937. aMadrid : bTurner, c[1975] a147 p. ; c21 cm.8 aContiene, además, con port. propia: Rafael Alberti: Numancia: tragedia, versión modernizada... estrenada en Montevideo, 194317aCervantes Saavedra, Miguel de,d1547-1616. tLa Numancia24 aES-MaACLjE-7752